| 000 | 01083nam a2200289Ia 4500 | ||
|---|---|---|---|
| 003 | OSt | ||
| 005 | 20221005105417.0 | ||
| 006 | a|||||r|||| 00| 0 | ||
| 007 | ta | ||
| 008 | 221004b |||||||| |||| 00| 0 hin d | ||
| 020 |
_a9788123756936 (pbk) _cINR 55.00 |
||
| 024 | _a38028 | ||
| 037 |
_bBW/1662, 14/03/2018, Bookwell _cTextual |
||
| 040 |
_aCRL _cCRL _bhin |
||
| 041 |
_2hin _ahin |
||
| 082 | _aV2:51wM63, 152P9 | ||
| 100 |
_aसैयद ज़िल्लुर्रहमान, ले. _9623902 |
||
| 245 | 0 | _aहकीम अजमल खां | |
| 246 | _aHakīm ajamal khāan | ||
| 260 |
_aनई दिल्ली _bनेशनल बुक ट्रस्ट भारत _c2009 |
||
| 300 |
_a139पृ0 _ccm. |
||
| 650 | _a जीवनी | ||
| 650 | _a स्वतंत्रता सेनानी | ||
| 650 |
_aभारत-इतिहास _9156353 |
||
| 942 |
_hV2:51wM63, 152P9 _cTEXL _2cc |
||
| 999 |
_c1015737 _d1015737 |
||